000 00399nam a2200145 4500
001 126485
003 ES-MaACL
005 20230906192828.0
007 t|
008 070214s1965 ve r ||||1| spa d
245 0 0 _aRecuperación de la Guayana Esequiba.
260 _aCaracas (Venezuela) :
_bSenado de la República,
_c1965.
300 _a164 p. ;
_c21 cm.
852 _aES-MaACL
_jC-29984
_bR.60574
999 _c126485
_d126485